Považský Inovec : Turistický sprievodca ČSSR /
Saved in:
| Main Author: | |
|---|---|
| Format: | Book |
| Language: | Slovak |
| Published: |
Bratislava :
Šport,
1986
|
| Series: | Edícia: Turistický sprievodca ČSSR
zväzok 24 |
| Tags: |
No Tags, Be the first to tag this record!
|
MARC
| LEADER | 00000nam a22000003a 4500 | ||
|---|---|---|---|
| 001 | stu17237 | ||
| 005 | 20150617225754.6 | ||
| 008 | 910408s1986----cs------------------slo-d | ||
| 040 | |a STU |b slo | ||
| 041 | 0 | |a slo | |
| 044 | |a cs | ||
| 080 | |a 796.5 | ||
| 100 | 1 | |a Petrovič, Daniel |4 aut | |
| 245 | 1 | |a Považský Inovec : |b Turistický sprievodca ČSSR / |c [aut.]PETROVIČ,Daniel a kol | |
| 260 | |a Bratislava : |b Šport, |c 1986 | ||
| 300 | |a 213 s | ||
| 830 | 0 | |a Edícia: Turistický sprievodca ČSSR |v zväzok 24 | |
| 996 | |b C87852 |c C*87852 |l CCXXI |s P |a 0 |w stu17237_0001 | ||